High-tech fibers (Record no. 39683)

MARC details
000 -LEADER
fixed length control field 00299nam a2200121Ia 4500
082 ## - DEWEY DECIMAL CLASSIFICATION NUMBER
Classification number 677.1
Item number HIG
245 #0 - TITLE STATEMENT
Title High-tech fibers
260 ## - PUBLICATION, DISTRIBUTION, ETC. (IMPRINT)
Place of publication New Jersey
Name of publisher Technical insights
Year of publication 1985
650 ## - SUBJECT ADDED ENTRY--TOPICAL TERM
Topical Term Carbon fibers
650 ## - SUBJECT ADDED ENTRY--TOPICAL TERM
Topical Term Metal fibers
942 ## - ADDED ENTRY ELEMENTS (KOHA)
Koha item type Books
Holdings
Withdrawn status Lost status Damaged status Not for loan Home library Current library Date acquired Full call number Accession Number Koha item type
        RRII Library RRII Library 16/12/2021 677.1 HIG 20013 Books